Единые правила безопасности при разработке месторождений полезных ископаемых открытым способом

Библиографические подробности
Автор-организация: СССР Государственный комитет по надзору за безопасным ведением работ в промышленности и горному надзору (Госгортехнадзор СССР)
Примечания:Утв. Госгортехнадзором СССР 30.08.68
Язык:русский
Опубликовано: Москва, Недра, 1987
Издание:2-е изд., перераб. и доп.
Предметы:
Формат: MixedMaterials Книга
Запись в KOHA:https://koha.lib.tpu.ru/cgi-bin/koha/opac-detail.pl?biblionumber=108088

MARC

LEADER 00000nam0a2200000 4500
001 108088
005 20231031115521.0
035 |a (RuTPU)RU\TPU\book\116681 
090 |a 108088 
100 |a 20070113d1987 m y0rusy50 ca 
101 0 |a rus 
102 |a RU 
105 |a y l 000zy 
200 1 |a Единые правила безопасности при разработке месторождений полезных ископаемых открытым способом  |f Госгортехнадзор СССР 
205 |a 2-е изд., перераб. и доп. 
210 |a Москва  |c Недра  |d 1987 
215 |a 96 с. 
300 |a Утв. Госгортехнадзором СССР 30.08.68 
610 1 |a горные работы 
610 1 |a техника безопасности 
610 1 |a правила безопасности 
610 1 |a оборудование 
610 1 |a эксплуатация 
675 |a 622.271:658  |v 3 
712 0 1 |a СССР  |b Государственный комитет по надзору за безопасным ведением работ в промышленности и горному надзору (Госгортехнадзор СССР)  |c (1966-1990)  |2 stltpush  |3 (RuTPU)RU\TPU\col\2122 
801 1 |a RU  |b 63413507  |c 20070113  |g PSBO 
801 2 |a RU  |b 63413507  |c 20230216  |g PSBO 
942 |c BK